000 00884nam a22002297a 4500
999 _c16337
_d16337
003 AR-CdUCM
008 190503b ||||| |||| 00| 0 spa d
040 _aMUNICIPALIDAD PROVINCIAL DEL CUSCO
_cBIBLIOTECA MUNICIPAL DEL CUSCO
041 _heng
082 _a536.1 /
_bG89
100 _aGuggenheim, Edward A.
_935723
245 _aLey de distribución de Boltzmann /
260 _aBuenos Aires :
_bEUDEBA,
_c1965.
300 _a75 páginas ;
_c20 cm.
505 _aContenido: Elementos de la teoría cuántica -- Temperatura y funciones de partición -- Grados de libertad separables -- Gas ideal monoatómico -- Energía libre y energía total ...
650 _aMecánica estadística
_935724
650 _aGases
_919693
650 _aTeoría cinética
_928264
700 _aCordiviola, Carlos Alberto (traducción)
_935725
942 _2ddc
_cLIBROS
945 _aachl
_d2019-05-03